Eppu Normaali - 40 suosituinta kappaletta - Statistics

Yleistilastot
  • Tätä visaa on pelattu 197 kertaa
  • Keskiarvotulos 16 / 40
Vastaustilastot
Hint Vastaus % Oikein
1. Tahroja paperilla
89%
4. Vuonna `85
89%
2. Murheellisten laulujen maa
78%
5. Vihreän joen rannalla
72%
6. Kitara, taivas ja tähdet
70%
9. Baarikärpänen
66%
29. Suomi-ilmiö
66%
16. Suolaista sadetta
64%
17. Urheiluhullu
59%
3. Joka päivä ja jokaikinen yö
58%
27. Poliisi pamputtaa taas
58%
10. Pimeyden tango
56%
11. Kun olet poissa
54%
26. Afrikka, sarvikuonojen maa
52%
21. Akun Tehdas
52%
14. Linnunradan laidalla
51%
22. Hipit rautaa
47%
25. Njet njet
44%
13. Näin kulutan aikaa
38%
32. Lensin matalalla 2
37%
7. Nyt reppu jupiset riimisi rupiset
36%
20. Puhtoinen lähiöni
36%
8. Voi kuinka me sinua kaivataan
35%
19. Tahdon sut
31%
15. Kaikki häipyy, on vain nyt
26%
30. Taivaassa perseet tervataan
26%
36. Näinhän täällä käy
23%
12. En saa mielestä sinua
21%
34. Tien päällä taas
20%
23. Elämän tarkoitus
19%
18. Balladi kaiken turhuudesta
18%
33. Nuori poika
16%
24. Sadan vuoden päästäkin
16%
40. Asustelaulu
13%
37. Yöjuttu
13%
35. Sydän tyhjää lyö
12%
31. Jackpot
11%
28. Kivenä kengässä
11%
39. Pidetään ikävää
8%
38. Ei säästä perheen koiraakaan
6%
Ehtoja vastaavia visoja ei löytynyt
Tulosjakauma
Jokaisen tuloksen saaneiden osuus
Persentiili vastausten määrän mukaan
Tuloshistoriasi
Et ole pelannut tätä visaa